Journey of the Universe as Expounded in the Quran (Record no. 11533)

MARC details
000 -LEADER
fixed length control field 00614nam a2200241 a 4500
020 ## - INTERNATIONAL STANDARD BOOK NUMBER
ISBN
082 00 - DEWEY DECIMAL CLASSIFICATION NUMBER
Classification number 297.1228
Author Cutter HAE
100 ## - MAIN ENTRY--AUTHOR NAME
Author name Haeri, Shaykh Fadhlullah
245 ## - TITLE STATEMENT
Title Journey of the Universe as Expounded in the Quran
260 ## - PUBLICATION, DISTRIBUTION, ETC. (IMPRINT)
Place of publication London
Name of publisher Zahra Trust
Year of publication 1985
300 ## - PHYSICAL DESCRIPTION
Number of Pages 102p
500 ## - GENERAL NOTE
General note includes index and biblioraphy
505 2# - FORMATTED CONTENTS NOTE
Formatted contents note Index
650 ## - SUBJECT ADDED ENTRY--TOPICAL TERM
Topical Term Quran and Universe
942 ## - ADDED ENTRY ELEMENTS (KOHA)
Koha item type Books
700 1# -
-- Haeri, Shaykh Fadhlullah
Holdings
Collection code Home library Current library Date acquired Cost, normal purchase price Full call number Accession Number Koha item type
  Henry Martyn Institute Library Henry Martyn Institute Library 08/31/2010 200.00 297.1228 HAE 015795 Books
                   Copyright © 2026 | Henry Martyn Institute | Hyderabad | TS-500052 | INDIA | Implemented by hmi.edu.in
Hit-Count:

Powered by Koha